Wrestling with Romans / (Record no. 4037)
[ view plain ]
| 000 -LEADER | |
|---|---|
| fixed length control field | 00911cam a2200265 i 4500 |
| 001 - CONTROL NUMBER | |
| control field | 864032 |
| 005 - DATE AND TIME OF LATEST TRANSACTION | |
| control field | 20170822174807.0 |
| 008 - FIXED-LENGTH DATA ELEMENTS--GENERAL INFORMATION | |
| fixed length control field | 790315s1979 pau b 000 0 eng |
| 010 ## - LIBRARY OF CONGRESS CONTROL NUMBER | |
| LC control number | 79011645 |
| 020 ## - INTERNATIONAL STANDARD BOOK NUMBER | |
| International Standard Book Number | 0664242758 |
| 040 ## - CATALOGING SOURCE | |
| Original cataloging agency | DLC |
| Transcribing agency | DLC |
| Modifying agency | BSU |
| 050 00 - LIBRARY OF CONGRESS CALL NUMBER | |
| Classification number | BS2665.2 |
| Item number | .R6 |
| 082 00 - DEWEY DECIMAL CLASSIFICATION NUMBER | |
| Classification number | 227.1 ROB |
| 100 1# - MAIN ENTRY--PERSONAL NAME | |
| Personal name | Robinson, John A. T. |
| Fuller form of name | (John Arthur Thomas), |
| Dates associated with a name | 1919-1983. |
| 9 (RLIN) | 6284 |
| 245 10 - TITLE STATEMENT | |
| Title | Wrestling with Romans / |
| Statement of responsibility, etc | by John A. T. Robinson. |
| 260 ## - PUBLICATION, DISTRIBUTION, ETC. (IMPRINT) | |
| Place of publication, distribution, etc | Philadelphia : |
| Name of publisher, distributor, etc | Westminster Press, |
| Date of publication, distribution, etc | c1979. |
| 300 ## - PHYSICAL DESCRIPTION | |
| Extent | xii, 148 p. ; |
| Dimensions | 21 cm. |
| 500 ## - GENERAL NOTE | |
| General note | Includes the New English Bible text of the letter of Paul to the Romans. |
| 504 ## - BIBLIOGRAPHY, ETC. NOTE | |
| Bibliography, etc | Bibliography: p. xi-xii. |
| 630 00 - SUBJECT ADDED ENTRY--UNIFORM TITLE | |
| Uniform title | Bible. |
| Name of part/section of a work | Romans |
| General subdivision | Criticism, interpretation, etc. |
| 9 (RLIN) | 7636 |
| 658 ## - INDEX TERM--CURRICULUM OBJECTIVE | |
| Main curriculum objective | Religion |
| 730 02 - ADDED ENTRY--UNIFORM TITLE | |
| Uniform title | Bible. |
| Name of part/section of a work | Romans. |
| Language of a work | English. |
| Version | New English. |
| Date of a work | 1979. |
| 9 (RLIN) | 8480 |
| 906 ## - LOCAL DATA ELEMENT F, LDF (RLIN) | |
| a | 7 |
| b | cbc |
| c | orignew |
| d | 1 |
| e | ocip |
| f | 19 |
| g | y-gencatlg |
| 942 ## - ADDED ENTRY ELEMENTS (KOHA) | |
| Source of classification or shelving scheme | Dewey Decimal Classification |
| Item type | Books |
| Withdrawn status | Lost status | Source of classification or shelving scheme | Damaged status | Not for loan | Collection code | Home library | Current library | Shelving location | Date acquired | Source of acquisition | Total Checkouts | Full call number | Barcode | Date last seen | Copy number | Price effective from | Koha item type |
|---|---|---|---|---|---|---|---|---|---|---|---|---|---|---|---|---|---|
| Dewey Decimal Classification | Main Library | Main Library | 22/04/2011 | Donation | 227.1 ROB | 6750 | 22/04/2013 | 1 | 22/04/2013 | Books |